000 00686nam a2200277Ia 4500
005 20260324114831.0
008 008 260324s9999 xx 000 0 eng d
020 _a9781003057741
037 _aEBOOK
040 _aCRL
040 _beng
040 _cCRL
041 _2eng
041 _aeng
084 _qCRL
100 _aJ. A. Tenreiro Machado; Vitor M. R. Cunha
_91152341
245 3 _aAn Introduction to Bond Graph Modeling with Applications
260 _bTaylor and Francis
260 _c2021
365 _a
365 _b275
856 _uhttp://www.taylorfrancis.com/books/9781003057741
942 _cEBOOK
999 _c1742752
_d1742752